00772nam a2200241 i 4500001000300000100002200003245007400025260006600099300002800165504001400193650002200207655001800229020001500247040000800262041000800270080001400278920001800292942000700310008004100317999001700358856009800375952005700473bg1 aMARTYNIUK, Teresa10aRzeczowy majątek trwały :bwycena i ewidencja /cTeresa Martyniuk. aGdańsk :bOśrodek Doradztwa i Doskonalenia Kadr,c[1998]. a206 s. :bil. ;c24 cm. aBibliogr. 9aMajątek trwały aPodręczniki a8371871007 cBPK0 apol a658.2(07) a83-71871-00-7 cKS s pl f |000 0 pol  c35402d35402 uhttp://koha.tu.koszalin.pl/cgi-bin/koha/opac-detail.pl?biblionumber=35402yKatalog online BPK 00104071aBPKbBPKcehoS 118p01919905t657 RyKS